[Event "SM-gruppen"]
[Site "Örebro"]
[Date "2013.07.14"]
[Round "9"]
[White "Brynell, Stellan"]
[Black "Grandelius, Nils"]
[Result "1/2-1/2"]
[BlackElo "2573"]
[WhiteElo "2484"]

1. d4 {[%clk 1:30:21]} Nf6 {[%clk 1:29:13]} 2. c4 {[%clk 1:30:47]} e6
{[%clk 1:29:36]} 3. Nf3 {[%clk 1:30:51]} d5 {[%clk 1:29:44]} 4. Nc3
{[%clk 1:31:00]} Bb4 {[%clk 1:30:09]} 5. cxd5 {[%clk 1:31:11]} exd5
{[%clk 1:30:34]} 6. Bg5 {[%clk 1:31:15]} h6 {[%clk 1:30:58]} 7. Bxf6
{[%clk 1:31:29]} Qxf6 {[%clk 1:31:23]} 8. e3 {[%clk 1:31:25]} O-O
{[%clk 1:31:04]} 9. Qb3 {[%clk 1:31:05]} c5 {[%clk 1:31:22]} 10. dxc5
{[%clk 1:31:11]} Bxc3+ {[%clk 1:31:34]} 11. Qxc3 {[%clk 1:31:31]} Qxc3+
{[%clk 1:32:02]} 12. bxc3 {[%clk 1:31:54]} Nd7 {[%clk 1:32:30]} 13. c4
{[%clk 1:27:42]} dxc4 {[%clk 1:32:42]} 14. Bxc4 {[%clk 1:27:37]} Nxc5
{[%clk 1:33:07]} 15. Ke2 {[%clk 1:27:55]} Be6 {[%clk 1:23:59]} 16. Rhc1
{[%clk 1:21:25]} Rac8 {[%clk 1:09:31]} 17. Nd4 {[%clk 1:16:03]} Bd7
{[%clk 0:52:14]} 18. Bb5 {[%clk 0:52:20]} Rfd8 {[%clk 0:51:18]} 19. Bxd7
{[%clk 0:51:21]} Rxd7 {[%clk 0:50:30]} 20. Rc4 {[%clk 0:50:01]} b6
{[%clk 0:44:59]} 21. a4 {[%clk 0:44:52]} Re8 {[%clk 0:44:40]} 22. a5
{[%clk 0:32:55]} Rxd4 {[%clk 0:44:13]} 23. Rxd4 {[%clk 0:33:19]} Nb3
{[%clk 0:44:41]} 24. Rad1 {[%clk 0:33:36]} Nxd4+ {[%clk 0:44:36]} 25. Rxd4
{[%clk 0:34:00]} bxa5 {[%clk 0:44:57]} 26. Rd5 {[%clk 0:33:31]} a4
{[%clk 0:41:02]} 27. Ra5 {[%clk 0:33:56]} Ra8 {[%clk 0:41:26]} 28. e4
{[%clk 0:32:30]} Kf8 {[%clk 0:35:53]} 29. f4 {[%clk 0:28:38]} Ke7
{[%clk 0:36:16]} 30. e5 {[%clk 0:26:50]} f6 {[%clk 0:15:50]} 31. Ke3
{[%clk 0:24:45]} fxe5 {[%clk 0:15:29]} 32. fxe5 {[%clk 0:18:55]} Ke6
{[%clk 0:14:25]} 33. Ke4 {[%clk 0:18:21]} a6 {[%clk 0:14:52]} 34. h4
{[%clk 0:18:31]} g6 {[%clk 0:11:40]} 35. g4 {[%clk 0:17:59]} Ra7 {[%clk 0:06:42]}
36. h5 {[%clk 0:14:48]} gxh5 {[%clk 0:07:03]} 37. gxh5 {[%clk 0:15:13]} Ra8
{[%clk 0:07:16]} 38. Kf4 {[%clk 0:13:21]} Rf8+ {[%clk 0:06:10]} 39. Ke4
{[%clk 0:13:26]} Ra8 {[%clk 0:06:40]} 40. Rd5 {[%clk 0:34:05]} a3
{[%clk 0:36:02]} 41. Ra5 {[%clk 0:31:53]} a2 {[%clk 0:33:14]} 42. Rxa2
{[%clk 0:30:37]} a5 {[%clk 0:33:31]} 43. Rg2 {[%clk 0:30:20]} a4 {[%clk 0:33:35]}
44. Rg6+ {[%clk 0:29:49]} Ke7 {[%clk 0:30:53]} 45. Rxh6 {[%clk 0:29:12]} a3
{[%clk 0:31:06]} 46. Rh7+ {[%clk 0:29:34]} Ke6 {[%clk 0:31:33]} 47. Rh6+
{[%clk 0:29:57]} Ke7 {[%clk 0:32:00]} 48. Rh7+ {[%clk 0:30:21]} Ke6
{[%clk 0:32:27]} 1/2-1/2

[Event "SM-gruppen"]
[Site "Örebro"]
[Date "2013.07.14"]
[Round "9"]
[White "Carlsson, Pontus"]
[Black "Hillarp Persson, Tiger"]
[Result "1/2-1/2"]
[BlackElo "2528"]
[WhiteElo "2516"]

1. e4 {[%clk 1:26:59]} c5 {[%clk 1:30:04]} 2. c3 {[%clk 1:26:22]} d5
{[%clk 1:29:05]} 3. exd5 {[%clk 1:26:23]} Qxd5 {[%clk 1:29:27]} 4. d4
{[%clk 1:26:35]} g6 {[%clk 1:27:16]} 5. Nf3 {[%clk 1:22:33]} Bg7 {[%clk 1:26:55]}
6. Na3 {[%clk 1:22:59]} cxd4 {[%clk 1:00:03]} 7. Bc4 {[%clk 1:16:57]} Qe4+
{[%clk 0:53:11]} 8. Be3 {[%clk 1:17:12]} Nh6 {[%clk 0:53:05]} 9. cxd4
{[%clk 1:17:11]} O-O {[%clk 0:51:46]} 10. O-O {[%clk 1:17:38]} Bg4
{[%clk 0:32:51]} 11. Bxh6 {[%clk 1:06:17]} Bxh6 {[%clk 0:32:48]} 12. Re1
{[%clk 1:06:43]} Qf4 {[%clk 0:28:48]} 13. Rxe7 {[%clk 1:06:05]} Nc6
{[%clk 0:27:58]} 14. Rxb7 {[%clk 1:06:09]} Bxf3 {[%clk 0:28:18]} 15. Qxf3
{[%clk 1:06:18]} Qxf3 {[%clk 0:28:35]} 16. gxf3 {[%clk 1:06:45]} Nxd4
{[%clk 0:25:32]} 17. Kg2 {[%clk 1:01:52]} Rab8 {[%clk 0:21:52]} 18. Bxf7+
{[%clk 0:36:58]} Kg7 {[%clk 0:14:48]} 19. Rxb8 {[%clk 0:32:32]} Rxb8
{[%clk 0:15:06]} 20. Bb3 {[%clk 0:32:53]} Bf4 {[%clk 0:14:36]} 21. Rd1
{[%clk 0:14:37]} Nxb3 {[%clk 0:14:36]} 22. axb3 {[%clk 0:15:00]} Rxb3
{[%clk 0:14:43]} 23. Rd7+ {[%clk 0:06:39]} Kg8 {[%clk 0:14:50]} 24. Nc4
{[%clk 0:03:48]} Rb4 {[%clk 0:13:25]} 25. b3 {[%clk 0:04:14]} Rxb3
{[%clk 0:13:13]} 26. Rxa7 {[%clk 0:04:39]} Rc3 {[%clk 0:12:23]} 27. Ra4
{[%clk 0:00:59]} Rc2 {[%clk 0:08:01]} 28. h4 {[%clk 0:00:52]} Kg7
{[%clk 0:05:19]} 29. Na3 {[%clk 0:00:33]} Ra2 {[%clk 0:05:42]} 30. Rxf4
{[%clk 0:00:42]} Rxa3 {[%clk 0:06:05]} 31. Rb4 {[%clk 0:00:56]} Kf6
{[%clk 0:05:25]} 32. Kg3 {[%clk 0:01:15]} Ra2 {[%clk 0:04:00]} 33. Rb7
{[%clk 0:01:36]} h5 {[%clk 0:03:09]} 34. Rb6+ {[%clk 0:02:05]} Kf5
{[%clk 0:03:26]} 35. Rb5+ {[%clk 0:02:33]} Kf6 {[%clk 0:03:46]} 36. f4
{[%clk 0:02:36]} Ra3+ {[%clk 0:03:59]} 37. f3 {[%clk 0:02:52]} Ra1
{[%clk 0:01:22]} 38. Rb6+ {[%clk 0:00:37]} Kf5 {[%clk 0:01:40]} 39. Rb5+
{[%clk 0:01:04]} Kf6 {[%clk 0:02:01]} 40. Rg5 {[%clk 0:30:50]} Rg1+
{[%clk 0:31:46]} 41. Kh2 {[%clk 0:30:05]} Rf1 {[%clk 0:28:11]} 42. Kg2
{[%clk 0:30:23]} Ra1 {[%clk 0:28:36]} 43. f5 {[%clk 0:16:44]} gxf5
{[%clk 0:28:54]} 44. Rxh5 {[%clk 0:17:08]} Ke5 {[%clk 0:28:49]} 45. Kg3
{[%clk 0:16:45]} Rg1+ {[%clk 0:29:07]} 46. Kf2 {[%clk 0:13:43]} Ra1
{[%clk 0:29:22]} 47. Kg3 {[%clk 0:13:58]} Rg1+ {[%clk 0:29:43]} 48. Kh2
{[%clk 0:14:08]} Rf1 {[%clk 0:27:53]} 49. Kg2 {[%clk 0:13:38]} Ra1
{[%clk 0:28:10]} 50. Kg3 {[%clk 0:10:38]} 1/2-1/2

[Event "SM-gruppen"]
[Site "Örebro"]
[Date "2013.07.14"]
[Round "9"]
[White "Tikkanen, Hans"]
[Black "Lindberg, Bengt"]
[Result "1-0"]
[BlackElo "2410"]
[WhiteElo "2528"]

1. d4 {[%clk 1:28:42]} Nf6 {[%clk 1:30:54]} 2. c4 {[%clk 1:28:59]} e6
{[%clk 1:31:18]} 3. Nc3 {[%clk 1:29:26]} Bb4 {[%clk 1:31:44]} 4. e3
{[%clk 1:29:53]} O-O {[%clk 1:31:08]} 5. Nge2 {[%clk 1:30:18]} d5
{[%clk 1:31:22]} 6. a3 {[%clk 1:30:42]} Be7 {[%clk 1:31:47]} 7. cxd5
{[%clk 1:30:24]} exd5 {[%clk 1:31:47]} 8. Nf4 {[%clk 1:30:43]} c6
{[%clk 1:29:25]} 9. Bd3 {[%clk 1:30:25]} Re8 {[%clk 1:25:09]} 10. O-O
{[%clk 1:29:52]} Bd6 {[%clk 1:10:23]} 11. f3 {[%clk 1:27:14]} Bxf4
{[%clk 1:06:55]} 12. exf4 {[%clk 1:27:42]} b6 {[%clk 1:07:18]} 13. b4
{[%clk 1:22:02]} Ba6 {[%clk 1:06:37]} 14. b5 {[%clk 1:21:54]} cxb5
{[%clk 1:05:25]} 15. f5 {[%clk 0:55:29]} Nc6 {[%clk 0:33:21]} 16. a4
{[%clk 0:55:05]} Bc8 {[%clk 0:30:16]} 17. axb5 {[%clk 0:54:39]} Nxd4
{[%clk 0:21:38]} 18. g4 {[%clk 0:54:01]} Qc7 {[%clk 0:22:03]} 19. Bd2
{[%clk 0:38:37]} Bd7 {[%clk 0:22:22]} 20. Kg2 {[%clk 0:36:45]} Qc5
{[%clk 0:19:57]} 21. Qb1 {[%clk 0:32:47]} h6 {[%clk 0:17:33]} 22. Qb2
{[%clk 0:21:01]} Nxf3 {[%clk 0:17:30]} 23. Rxf3 {[%clk 0:18:44]} Nxg4
{[%clk 0:17:58]} 24. Ne2 {[%clk 0:18:52]} Ne3+ {[%clk 0:12:22]} 25. Bxe3
{[%clk 0:17:12]} Rxe3 {[%clk 0:12:50]} 26. Rc1 {[%clk 0:15:42]} Qe7
{[%clk 0:13:17]} 27. Rxe3 {[%clk 0:15:45]} Qxe3 {[%clk 0:13:44]} 28. Qd4
{[%clk 0:15:51]} Re8 {[%clk 0:11:06]} 29. Qxe3 {[%clk 0:15:25]} Rxe3
{[%clk 0:11:34]} 30. Rc7 {[%clk 0:14:04]} Be8 {[%clk 0:09:53]} 31. Nf4
{[%clk 0:13:57]} g5 {[%clk 0:08:46]} 32. fxg6 {[%clk 0:13:22]} fxg6
{[%clk 0:09:14]} 33. Kf2 {[%clk 0:12:48]} d4 {[%clk 0:07:22]} 34. Bc4+
{[%clk 0:08:15]} Kh8 {[%clk 0:07:00]} 35. Rc8 {[%clk 0:07:25]} Kh7
{[%clk 0:06:57]} 36. Rc7+ {[%clk 0:05:46]} Kh8 {[%clk 0:07:12]} 37. Ne6
{[%clk 0:03:18]} Rc3 {[%clk 0:07:21]} 38. Nxd4 {[%clk 0:02:56]} Bf7
{[%clk 0:06:55]} 39. Rxf7 {[%clk 0:02:55]} Rxc4 {[%clk 0:07:23]} 40. Ke3
{[%clk 0:32:03]} Ra4 {[%clk 0:37:51]} 41. Rb7 {[%clk 0:19:49]} g5
{[%clk 0:29:05]} 42. Ke4 {[%clk 0:18:55]} a6 {[%clk 0:26:03]} 43. Ke5
{[%clk 0:17:44]} axb5 {[%clk 0:25:29]} 44. Ne6 {[%clk 0:17:58]} g4
{[%clk 0:19:19]} 45. Rb8+ {[%clk 0:17:04]} Kh7 {[%clk 0:19:34]} 46. Kf6
{[%clk 0:17:30]} g3 {[%clk 0:18:36]} 47. Nf8+ {[%clk 0:17:54]} 1-0

[Event "SM-gruppen"]
[Site "Örebro"]
[Date "2013.07.14"]
[Round "10"]
[White "Tikkanen, Hans"]
[Black "Grandelius, Nils"]
[Result "1/2-1/2"]
[BlackElo "2573"]
[WhiteElo "2528"]

1. Nf3 {[%clk 0:10:09]} Nf6 {[%clk 0:09:59]} 2. c4 {[%clk 0:10:12]} g6
{[%clk 0:10:03]} 3. Nc3 {[%clk 0:10:11]} d5 {[%clk 0:10:08]} 4. cxd5
{[%clk 0:10:14]} Nxd5 {[%clk 0:10:12]} 5. g3 {[%clk 0:10:17]} Bg7
{[%clk 0:10:16]} 6. Bg2 {[%clk 0:10:21]} O-O {[%clk 0:10:19]} 7. O-O
{[%clk 0:10:21]} Nc6 {[%clk 0:10:23]} 8. Rb1 {[%clk 0:09:48]} Bf5
{[%clk 0:09:59]} 9. e4 {[%clk 0:09:05]} Nxc3 {[%clk 0:09:56]} 10. bxc3
{[%clk 0:09:09]} Bxe4 {[%clk 0:09:49]} 11. Rxb7 {[%clk 0:09:11]} Rb8
{[%clk 0:08:14]} 12. Rxb8 {[%clk 0:09:09]} Qxb8 {[%clk 0:08:18]} 13. Qa4
{[%clk 0:08:35]} Bd5 {[%clk 0:08:22]} 14. c4 {[%clk 0:08:12]} Bxf3
{[%clk 0:08:12]} 15. Bxf3 {[%clk 0:08:16]} Nd4 {[%clk 0:08:16]} 16. Be4
{[%clk 0:07:43]} Ne2+ {[%clk 0:07:41]} 17. Kg2 {[%clk 0:07:47]} Nxc1
{[%clk 0:07:45]} 18. Rxc1 {[%clk 0:07:51]} Qb2 {[%clk 0:07:49]} 19. Rc2
{[%clk 0:07:23]} Qd4 {[%clk 0:07:46]} 20. d3 {[%clk 0:06:56]} Rb8
{[%clk 0:06:50]} 21. Qa3 {[%clk 0:05:41]} Bf6 {[%clk 0:05:28]} 22. Qc1
{[%clk 0:05:07]} c5 {[%clk 0:05:24]} 23. Re2 {[%clk 0:04:12]} Qd6
{[%clk 0:04:41]} 24. Qa3 {[%clk 0:04:07]} Qc7 {[%clk 0:04:23]} 25. Qa4
{[%clk 0:03:53]} Rb6 {[%clk 0:03:51]} 26. Qe8+ {[%clk 0:03:23]} Kg7
{[%clk 0:03:55]} 27. Bd5 {[%clk 0:03:28]} e6 {[%clk 0:04:00]} 28. Be4
{[%clk 0:03:32]} Bd4 {[%clk 0:03:40]} 29. h4 {[%clk 0:03:33]} h5 {[%clk 0:03:23]}
30. Bf3 {[%clk 0:03:21]} Rb1 {[%clk 0:03:05]} 31. Qc6 {[%clk 0:02:52]} Qxc6
{[%clk 0:02:59]} 32. Bxc6 {[%clk 0:02:56]} Rd1 {[%clk 0:03:03]} 33. Be4
{[%clk 0:02:52]} f5 {[%clk 0:03:08]} 34. Bf3 {[%clk 0:02:47]} Ra1
{[%clk 0:02:26]} 35. Rxe6 {[%clk 0:02:33]} Rxa2 {[%clk 0:02:30]} 36. Re2
{[%clk 0:02:36]} Rxe2 {[%clk 0:00:36]} 37. Bxe2 {[%clk 0:02:40]} Kf6
{[%clk 0:00:40]} 38. Bd1 {[%clk 0:02:18]} Bc3 {[%clk 0:00:37]} 39. f4
{[%clk 0:01:56]} Bd4 {[%clk 0:00:16]} 40. Ba4 {[%clk 0:01:59]} Bc3
{[%clk 0:00:20]} 41. Kf3 {[%clk 0:02:03]} Ke5 42. Ke4+ 1/2-1/2

[Event "SM-gruppen"]
[Site "Örebro"]
[Date "2013.07.14"]
[Round "11"]
[White "Grandelius, Nils"]
[Black "Tikkanen, Hans"]
[Result "1/2-1/2"]
[BlackElo "2528"]
[WhiteElo "2573"]

1. e4 {[%clk 0:10:09]} Nc6 {[%clk 0:10:09]} 2. Nf3 {[%clk 0:10:13]} d6
{[%clk 0:10:13]} 3. d4 {[%clk 0:10:17]} Nf6 4. Nc3 g6 {[%clk 0:10:21]} 5. d5
{[%clk 0:10:14]} Nb8 {[%clk 0:10:25]} 6. h3 {[%clk 0:10:14]} Bg7 {[%clk 0:10:28]}
7. Be2 {[%clk 0:10:18]} O-O {[%clk 0:10:31]} 8. O-O {[%clk 0:10:22]} e5
{[%clk 0:10:32]} 9. dxe6 {[%clk 0:10:25]} Bxe6 {[%clk 0:10:35]} 10. Bf4
{[%clk 0:10:28]} d5 {[%clk 0:10:35]} 11. Ng5 {[%clk 0:10:27]} c6 {[%clk 0:08:53]}
12. Nxe6 {[%clk 0:09:09]} fxe6 {[%clk 0:08:56]} 13. Be3 {[%clk 0:08:43]} Nbd7
{[%clk 0:08:26]} 14. Qd2 {[%clk 0:08:40]} Nxe4 {[%clk 0:06:44]} 15. Nxe4
{[%clk 0:08:43]} dxe4 {[%clk 0:06:48]} 16. Qd6 {[%clk 0:07:31]} Qe8
{[%clk 0:06:35]} 17. Rad1 {[%clk 0:07:12]} Nf6 {[%clk 0:06:30]} 18. c4
{[%clk 0:07:16]} Rd8 {[%clk 0:06:25]} 19. Qa3 {[%clk 0:07:03]} a6
{[%clk 0:06:19]} 20. Rxd8 {[%clk 0:05:11]} Qxd8 {[%clk 0:06:22]} 21. Rd1
{[%clk 0:05:14]} Qc7 {[%clk 0:05:47]} 22. Qb4 {[%clk 0:05:19]} Re8
{[%clk 0:05:42]} 23. b3 {[%clk 0:04:58]} Nd7 {[%clk 0:05:20]} 24. Qd2
{[%clk 0:04:35]} Ne5 {[%clk 0:05:18]} 25. Qc2 {[%clk 0:04:20]} Nd3
{[%clk 0:04:59]} 26. Bxd3 {[%clk 0:04:21]} exd3 {[%clk 0:05:03]} 27. Qxd3
{[%clk 0:04:25]} Bf6 {[%clk 0:04:56]} 28. Qe4 {[%clk 0:04:02]} Kf7
{[%clk 0:04:23]} 29. g4 {[%clk 0:02:53]} Rd8 {[%clk 0:04:18]} 30. Rxd8
{[%clk 0:02:57]} Qxd8 {[%clk 0:04:21]} 31. Kg2 {[%clk 0:02:50]} e5
{[%clk 0:04:00]} 32. Qf3 {[%clk 0:02:41]} Kg7 {[%clk 0:03:53]} 33. Bc5
{[%clk 0:02:26]} h6 {[%clk 0:03:35]} 34. Qe2 {[%clk 0:02:13]} Qd7
{[%clk 0:03:31]} 35. Qe3 {[%clk 0:01:31]} Qd1 {[%clk 0:02:52]} 36. Qf3
{[%clk 0:01:31]} Qd2 {[%clk 0:02:33]} 37. Be3 {[%clk 0:01:17]} Qd8
{[%clk 0:02:26]} 38. Bc1 {[%clk 0:01:14]} Qd6 {[%clk 0:01:59]} 39. Qe4
{[%clk 0:00:47]} Bg5 {[%clk 0:00:52]} 40. Bb2 {[%clk 0:00:49]} Bf6
{[%clk 0:00:56]} 41. h4 {[%clk 0:00:40]} Kf7 {[%clk 0:00:32]} 42. h5
{[%clk 0:00:29]} gxh5 {[%clk 0:00:35]} 43. gxh5 {[%clk 0:00:33]} Bg7
{[%clk 0:00:21]} 44. Qf5+ {[%clk 0:00:23]} Qf6 {[%clk 0:00:18]} 45. Qd7+
{[%clk 0:00:27]} Qe7 {[%clk 0:00:22]} 46. Qxe7+ {[%clk 0:00:15]} Kxe7
{[%clk 0:00:26]} 47. Kg3 {[%clk 0:00:19]} Ke6 {[%clk 0:00:30]} 48. Kg4
{[%clk 0:00:24]} Bf8 {[%clk 0:00:35]} 49. Bc1 {[%clk 0:00:21]} b5
{[%clk 0:00:34]} 50. Bb2 {[%clk 0:00:21]} Be7 {[%clk 0:00:32]} 51. f4
{[%clk 0:00:19]} exf4 {[%clk 0:00:33]} 52. Kxf4 {[%clk 0:00:23]} Bg5+
{[%clk 0:00:36]} 53. Ke4 {[%clk 0:00:27]} bxc4 {[%clk 0:00:30]} 54. bxc4
{[%clk 0:00:31]} Kd6 {[%clk 0:00:30]} 55. Ba3+ {[%clk 0:00:35]} Ke6
{[%clk 0:00:34]} 56. Bf8 {[%clk 0:00:39]} Kf7 {[%clk 0:00:37]} 57. Bd6
{[%clk 0:00:34]} Ke6 {[%clk 0:00:41]} 58. Bg3 {[%clk 0:00:25]} Be7
{[%clk 0:00:25]} 59. Bf4 {[%clk 0:00:24]} Bf8 {[%clk 0:00:29]} 60. Bc1
{[%clk 0:00:15]} Bg7 {[%clk 0:00:32]} 61. Bd2 {[%clk 0:00:19]} Bf8
{[%clk 0:00:36]} 62. Bc3 {[%clk 0:00:24]} Be7 {[%clk 0:00:29]} 63. Bg7
{[%clk 0:00:21]} Bg5 {[%clk 0:00:33]} 64. a4 {[%clk 0:00:25]} Bc1
{[%clk 0:00:32]} 65. Be5 {[%clk 0:00:29]} Ba3 {[%clk 0:00:28]} 66. Bg7
{[%clk 0:00:31]} Bc1 {[%clk 0:00:32]} 67. Be5 {[%clk 0:00:17]} Ba3
{[%clk 0:00:34]} 68. Bd4 {[%clk 0:00:14]} Bc1 {[%clk 0:00:21]} 69. Bc5
{[%clk 0:00:14]} Bg5 {[%clk 0:00:10]} 70. Bf2 {[%clk 0:00:15]} Bf6
{[%clk 0:00:07]} 71. Be3 {[%clk 0:00:12]} Bg7 {[%clk 0:00:11]} 72. Bg1
{[%clk 0:00:10]} Bb2 {[%clk 0:00:15]} 73. Bf2 {[%clk 0:00:10]} Bg7
{[%clk 0:00:17]} 74. Bg1 {[%clk 0:00:12]} Ke5+ 1/2-1/2

[Event "SM-gruppen"]
[Site "Örebro"]
[Date "2013.07.14"]
[Round "12"]
[White "Grandelius, Nils"]
[Black "Tikkanen, Hans"]
[Result "0-1"]
[BlackElo "2528"]
[WhiteElo "2573"]

1. e4 {[%clk 0:03:03]} Nc6 {[%clk 0:03:04]} 2. Nf3 d6 3. d4 {[%clk 0:03:06]} Nf6
4. Nc3 g6 5. d5 Nb8 6. Be2 Bg7 7. h3 O-O {[%clk 0:03:10]} 8. O-O {[%clk 0:03:14]}
e5 {[%clk 0:03:12]} 9. dxe6 {[%clk 0:03:16]} Bxe6 {[%clk 0:03:13]} 10. Bf4
{[%clk 0:03:17]} d5 {[%clk 0:03:14]} 11. Ng5 {[%clk 0:03:18]} c6 {[%clk 0:03:15]}
12. Nxe6 {[%clk 0:03:19]} fxe6 {[%clk 0:03:16]} 13. Be3 {[%clk 0:03:21]} Nbd7 14.
Qd2 Qe7 {[%clk 0:03:17]} 15. Rad1 Rad8 16. exd5 {[%clk 0:02:44]} exd5
{[%clk 0:03:18]} 17. Bg5 {[%clk 0:02:32]} Nc5 {[%clk 0:03:15]} 18. Qe3
{[%clk 0:02:28]} Ne6 {[%clk 0:02:59]} 19. Bxf6 {[%clk 0:02:19]} Qxf6
{[%clk 0:02:57]} 20. Qxa7 {[%clk 0:01:36]} Nf4 {[%clk 0:02:49]} 21. Kh1
{[%clk 0:01:20]} Qg5 {[%clk 0:02:00]} 22. Bf3 {[%clk 0:00:46]} Nxh3
{[%clk 0:02:00]} 23. Qe3 {[%clk 0:00:42]} Nf4 {[%clk 0:01:47]} 24. Ne2
{[%clk 0:00:23]} Rde8 {[%clk 0:01:27]} 25. Qd2 {[%clk 0:00:19]} Rxe2
{[%clk 0:01:21]} 26. Bxe2 {[%clk 0:00:08]} Qxg2# 0-1

[Event "SM-gruppen"]
[Site "Örebro"]
[Date "2013.07.14"]
[Round "13"]
[White "Tikkanen, Hans"]
[Black "Grandelius, Nils"]
[Result "0-1"]
[BlackElo "2573"]
[WhiteElo "2528"]

1. Nf3 {[%clk 0:03:03]} c5 {[%clk 0:03:04]} 2. c4 Nc6 3. Nc3 {[%clk 0:03:05]} Nf6
{[%clk 0:03:04]} 4. e3 {[%clk 0:03:03]} g6 {[%clk 0:02:56]} 5. d4
{[%clk 0:02:59]} cxd4 {[%clk 0:02:57]} 6. exd4 {[%clk 0:03:00]} d5
{[%clk 0:02:58]} 7. cxd5 {[%clk 0:02:56]} Nxd5 {[%clk 0:02:58]} 8. Qb3
{[%clk 0:02:56]} Nxc3 {[%clk 0:02:59]} 9. Bc4 {[%clk 0:02:51]} Nd5
{[%clk 0:02:59]} 10. Bxd5 {[%clk 0:02:52]} e6 {[%clk 0:03:01]} 11. Bxc6+
{[%clk 0:02:51]} bxc6 {[%clk 0:03:02]} 12. O-O {[%clk 0:02:44]} Qd5
{[%clk 0:03:03]} 13. Qe3 {[%clk 0:02:45]} f6 {[%clk 0:02:58]} 14. Nd2
{[%clk 0:02:40]} Kf7 {[%clk 0:02:58]} 15. Ne4 {[%clk 0:02:10]} Be7
{[%clk 0:02:59]} 16. Bd2 {[%clk 0:02:04]} Bb7 {[%clk 0:03:00]} 17. Nc5
{[%clk 0:02:02]} Bxc5 {[%clk 0:02:46]} 18. dxc5 {[%clk 0:02:03]} Ba6
{[%clk 0:02:47]} 19. Rfe1 {[%clk 0:01:57]} Rhe8 {[%clk 0:02:34]} 20. Bc3
{[%clk 0:01:52]} Rad8 {[%clk 0:02:10]} 21. Qf4 {[%clk 0:01:29]} e5
{[%clk 0:01:51]} 22. Qa4 {[%clk 0:01:27]} Bb5 {[%clk 0:01:38]} 23. Qxa7+ Rd7 24.
Qb6 {[%clk 0:01:16]} Ra8 {[%clk 0:01:32]} 25. a4 {[%clk 0:01:00]} Rxa4
{[%clk 0:01:20]} 26. Rxa4 {[%clk 0:01:00]} Bxa4 {[%clk 0:01:21]} 27. Qb4
{[%clk 0:00:56]} Bc2 {[%clk 0:01:13]} 28. h3 {[%clk 0:00:55]} g5 {[%clk 0:01:14]}
29. Qg4 {[%clk 0:00:53]} Bg6 {[%clk 0:01:11]} 30. Re3 {[%clk 0:00:40]} h5
{[%clk 0:01:10]} 31. Qf3 {[%clk 0:00:40]} Qxf3 {[%clk 0:01:00]} 32. Rxf3
{[%clk 0:00:41]} Rd1+ {[%clk 0:00:50]} 33. Kh2 {[%clk 0:00:42]} Ke6
{[%clk 0:00:51]} 34. Re3 {[%clk 0:00:40]} Rd5 {[%clk 0:00:44]} 35. b4
{[%clk 0:00:37]} Bc2 {[%clk 0:00:43]} 36. Re2 {[%clk 0:00:31]} Bd3
{[%clk 0:00:38]} 37. Rd2 {[%clk 0:00:28]} e4 {[%clk 0:00:37]} 38. g4
{[%clk 0:00:27]} h4 {[%clk 0:00:35]} 39. Kg2 {[%clk 0:00:28]} f5 {[%clk 0:00:34]}
40. gxf5+ Rxf5 {[%clk 0:00:35]} 41. Bd4 {[%clk 0:00:27]} Kd5 {[%clk 0:00:33]} 42.
Be3 {[%clk 0:00:26]} Kc4 {[%clk 0:00:35]} 43. Ra2 {[%clk 0:00:24]} Rd5
{[%clk 0:00:33]} 44. f4 {[%clk 0:00:18]} gxf4 {[%clk 0:00:28]} 45. Bxf4
{[%clk 0:00:20]} Rf5 {[%clk 0:00:30]} 46. Rf2 {[%clk 0:00:19]} Rf7
{[%clk 0:00:21]} 47. Be3 {[%clk 0:00:19]} Rg7+ {[%clk 0:00:22]} 48. Kh2
{[%clk 0:00:20]} Rg3 {[%clk 0:00:22]} 49. Bf4 {[%clk 0:00:18]} Rg6
{[%clk 0:00:23]} 50. Rg2 {[%clk 0:00:17]} Rf6 {[%clk 0:00:24]} 51. Bg5
{[%clk 0:00:16]} Rf3 {[%clk 0:00:24]} 52. Bxh4 {[%clk 0:00:15]} e3
{[%clk 0:00:20]} 53. Rg4+ {[%clk 0:00:13]} Kb3 {[%clk 0:00:14]} 54. Kg2
{[%clk 0:00:11]} Rf5 {[%clk 0:00:12]} 55. Rd4 {[%clk 0:00:10]} Kc3
{[%clk 0:00:13]} 56. Rd6 {[%clk 0:00:10]} Be4+ {[%clk 0:00:14]} 57. Kh2
{[%clk 0:00:09]} e2 {[%clk 0:00:15]} 58. Re6 {[%clk 0:00:09]} Kd3
{[%clk 0:00:14]} 59. Bg3 {[%clk 0:00:06]} Rf1 {[%clk 0:00:15]} 60. Rd6+
{[%clk 0:00:04]} Ke3 {[%clk 0:00:15]} 0-1